00765 2200265 4500001002100000005001700021008004100038035002400079090001500103100002200118245009600140250001000236260006500246300002300311500003100334650001500365700001200380700002700392850002100419980001400440985000600454986000900460999001500469999001500484YOGYA-0209000004296420090227025922.0 ind  0010-020900000042964 a306bAst U aASTUTI, Sri Retno aUnsur-unsur nilai budaya serat witaradyacSri Retno Astuti, Tashadi, wahyudi Pantja Sunjata aEd. 1 aJakartabDepartemen Pendidikan dan Kebudayaan R.Ic1996/1997 aix, 312 hlmc21 cm aBibliografi : hlm. 311-312 aKebudayaan aTashadi aSunyata, Wahyudi Panca aYOPDYOG [TRM 29] a25-8-2007 a2 aRuni a07A0025471 a07A0025472